000 00281nam a22001217a 4500
008 170406b xxu||||| |||| 00| 0 eng d
041 _aeng
080 _a575
100 _a9
101 _aSHM
245 _aTHE CELLULAR BASIS OF THE IMUNE RESPONSE
_cGOLUB.E.S
942 _2udc
_cBK
999 _c9996
_d9996